|
|
|
|
| LEADER |
00000nam0a2200000 4500 |
| 001 |
268241 |
| 005 |
20231101234141.0 |
| 035 |
|
|
|a (RuTPU)RU\TPU\book\291373
|
| 090 |
|
|
|a 268241
|
| 100 |
|
|
|a 20140828d1987 k y0rusy5003 ca
|
| 101 |
0 |
|
|a rus
|
| 102 |
|
|
|a RU
|
| 105 |
|
|
|a a z 001zy
|
| 200 |
1 |
|
|a Выемочно-погрузочные работы на карьерах
|f Ю. И. Беляков
|
| 210 |
|
|
|a Москва
|c Недра
|d 1987
|
| 215 |
|
|
|a 268 с.
|c ил.
|
| 320 |
|
|
|a Библиогр.: с. 264-266
|
| 606 |
1 |
|
|a Горные работы открытые
|x Механизация комплексная
|2 stltpush
|3 (RuTPU)RU\TPU\subj\8217
|9 35685
|
| 610 |
1 |
|
|a выемочно-погрузочные работы
|
| 610 |
1 |
|
|a выемочно-погрузочные машины
|
| 610 |
1 |
|
|a горные породы
|
| 610 |
1 |
|
|a классификация
|
| 610 |
1 |
|
|a выемка
|
| 610 |
1 |
|
|a погрузка
|
| 610 |
1 |
|
|a технология
|
| 610 |
1 |
|
|a залежи
|
| 610 |
1 |
|
|a разработка
|
| 610 |
1 |
|
|a экскаваторы
|
| 675 |
|
|
|a 622.271.002.5
|z rus
|v 3
|
| 700 |
|
1 |
|a Беляков
|b Ю. И.
|g Юрий Иванович
|
| 801 |
|
0 |
|a RU
|b RuMRKP
|c 19950417
|g psbo
|
| 801 |
|
1 |
|a RU
|b 63413507
|c 20140828
|
| 801 |
|
2 |
|a RU
|b 63413507
|c 20210304
|g RCR
|
| 942 |
|
|
|c BK
|